000 00341nam a22001337a 4500
020 _a9788170084037
082 _a624
_bPUN/BA
100 _aPunmia, B.C
_972
245 _aBasic civil engineering
260 _aNew Delhi
_bLaxmi Publications (Pvt.) Ltd.
_c2012
700 _aAshok Kumar Jain
_973
700 _aArun Kumar Jain
_974
942 _cBK
999 _c14091
_d14091